Mikä kehonosa puuttuu biisistä? - Statistics

Yleistilastot
  • Tätä visaa on pelattu 71 kertaa
  • Keskiarvotulos 22 / 60
Vastaustilastot
Hint Vastaus % Oikein
Et _____ auki saa Jäät sivuun katsomaan Kun maailma huutaa hulluuttaan Haloo Helsinki Kiitos ei ole kirosana Suuta
71%
Vaik mun hymyn veit, pahaa _________ teit Niin mä tiedän, mä tiedän Mirella Timanttei Sydämelle
71%
Anna minun nähdä sun _______, nähdä kuinka valosi loistaa Juha Tapio Sinun vuorosi loistaa Kasvosi
68%
_____ rytmissä koukkuun ja ylös, älä nii'aa niiku naapurin tytöt Antti Tuisku Keinutaan Jalat
64%
Mä katkon sun ________ ettet sä Liftata voi mun perään Chisu Kohtalon oma Peukalon
64%
Kasta _______ kylmään veteen Hyppää täysillä joutsenlauluun Haloo Helsinki Kuussa tuulee Varpaat
64%
Jos sul ois hukkumisen tunne Antaisin mun _______ sulle Behm Sata vuotta Keuhkot
61%
Hälle, joka meit nykyisin tuijottaa Keskeyttää lauseet, jotka kuiskin sun _______ Chisu Kolman pyörä Korvaan
61%
Anna sun _______ keinua vaan keinua vaan Antti Tuisku Keinutaan Peppusi
61%
Kaltereita ikkunoissa pallo _______ Onneks ei ni pääsin pakenemaan ajoissa Bee Viimeisiä sanoja Jalassa
59%
Turha opettaa mua ristiin _________ laittaa (laittaa) Synnyin syntiseksi, sori, jos se sua haittaa (haittaa) Erika Vikman Cicciolina Jalkojani
59%
Välillä kun on pimeätä Mä meinaan eksyä Kun et pidäkään mua _______ Behm Frida Kädestä
59%
Ja liian myöhään tajuan Oot mun ainoa oikea satama Ja mä käännän _______ Miten voi olla Et kaikkein kalleinta satutan Kuumaa Satama Selkää
57%
Ruuhkassa auto, autossa ratti Ja elämisen pyörteissä uurtuneet _____, jotka ohjaa vakavin ottein Ja jälkeen vuosikymmenten Juha Tapio Tykkään susta niin että halkeen Kädet
55%
En tienny et on tollasii Selkeesti niin ylivertasii Sä tunnet päästä __________ Ellimei Mun ihminen Varpaisiin
55%
Kato kameraan ja hymyile vaan Ja tee se niin et sulla näkyy _______ Jannika B Hymytyttö Hampaat
54%
Mut sun keho kysyy, ja mun ______ vastaa Ja se vastaus on: "No hitto, miks ei?" Laura Voutilainen Miks ei? Silmät
54%
Kannoitte toisianne kuin kukkaa __________ Laura Voutilainen Liljankukka Kämmenellä
52%
Ku mä saan sun hengitystä kuunnella Sydän vasten ______, sydän vasten ______ Mikael Gabriel Riippumatto Korvaa
50%
Haittaako, jos painan mun pään sun _______? Leikitään tää hetki et me tunnetaan Jenni Vartiainen Made in Heaven Rintaan
50%
Autossa yksinään istun, on hämärää Vaik ______ kiinni osaisin tuon sillan ylittää Jenni Vartiainen Väärään suuntaan Silmät
48%
Kaikista _________ Kaikista katseista Etsin sinua, sinua vain Anna Eriksson Kasvoista
46%
Oonko mitään sellaista mitä oot toivonut? ____ rypys koitan kasvaa tasolle sun Alisa Syrjä Tää tunne Otsa
45%
Otan sua _________ kii ja sidon käsinojiin Tää on ainoa mun keino paeta Chisu Kohtalon oma Ranteista
45%
Mun _____ on kai loppuun jo kulunut Pliis mene paidan alle ja tutki mut Kaija Koo Sydän
41%
Et sano sanaakaan, tuijotat mun ______ vaan Samalla, kun mä leikin nukkuvaa. Irina Hiljaisuus Niskaa
39%
Mä anelen sun edessä Älä vie mun _______ Haloo Helsinki Kaikki päättyy kyyneliin Sydäntä
39%
Vaikka ____ toista koskettas Niin meihin aina palaan Mä en haluu et on puolii, jotka pitäs toiselt salaa Pehmoaino Valssi Käsi
38%
Dj nosta sitä volaa _______ ei kuivaa Pitäis mennä uimaa Aamutuimaan taas biitsille huilaa JVG Huominen on huomenna Kurkkuu
36%
Nopeasti takki _______ Noniin kiitti, hyvää iltaa Vilma Alina Juha88 Niskaan
36%
Sen jälkeen halusin näyttää Mul on oma ääni ja kova ___ Enkä pelkää niit käyttää Viivi Mitä näil korteil saa Pää
36%
Kaikki kaatuu ja toisinaan ryypylle ratkee Mut ollaan niitä, joiden _____ ei lopulta katkee Arttu Wiskari Pilvilinna Selkä
34%
Mun _________ aina joskus särkee Kun joku pieni asia mua muistuttaa Jannika B Seuraavaan elämään Sydäntäni
34%
Ota _______ mua voidaan eilinen jo unohtaa Mitä siitä mihin ei voi vaikuttaa Kaija Koo Sateenkaari pimeessä Kädestä
30%
Mä avaisin mun ______, sanoisin Et mä en tiedä mitään kauniimpaa Behm Tivolit Silmät
30%
Kato ettet ________ polta Se jätkä täydellinen on vartalolta Jari Sillanpää Tanssii kuin John Travolta Sormiasi
30%
Nousi niin piri pintaan Et _____ hajoo kohta liitoksistaan Alisa Syrjä Tää tunne Sydän
30%
Roikuimme kourin ja _______ Tätä riemua tanssia rampain Juha Tapio Älä lähde vielä pois Hampain
29%
Mut en enää pelkää oon saanu jo _______ Tuhkasta uudelleen syntynyt Bess Sammumaton Selkään
29%
Sinä aamuna ilma oli sumuinen ________ kouristi, syy vihreiden kuulien Mira Luoti Sunnuntain hesari Vatsaani
29%
Turhaa oli vihanhallintakurssit Peitin _______, kun ovenkarmiin ranteesi mursit Behm Ethän tarkoittanut sitä Korvani
23%
Kumpi isän ruususista tärkeämpi on? Kenen __________ taivaan lintu laulaa? Laura Närhi Siskoni Olkapäällä
23%
Sinä olet yhä nuori ja sitkee Ei sun ______ vielä repee rinnasta Arttu Wiskari Pilvilinna Aortta
20%
______ _______ tarttuu kii, sun ripsissäsi jää kukkii Sä kosketat mua niin Lauri Tähkä Jääkukkia Huulet huuliis
20%
Oisit valmis ________ veril must kii pitää Mut rakastan sua liikaa, siks en pyydä sult mitään Muuta, kun Ani&Viivi Lupaa et sä lähet Kämmenet
18%
Liukuu sun ote _________ Vaihtuu viikot huomaamatta Laura Närhi Mä annan sut pois Käsistäni
18%
____ ikkunaruutuun liimaantuu sama radiohiljaisuus laskeutuu mitä ikinä ootan, se ei tuu Kaija Koo En pelkää pimeää Otsa
18%
Painan ______ kiinni Laitan _____ ristiin En oo voinu hyvin enää moniin kuukausiin Jannika B Mania Silmät, kädet
18%
Mä kyllä tiedän sen Hän pyörittää _______ Kuten ihmisii Jari Sillanpää Tanssii kuin John Travolta Lantioo
16%
Mun ______ on hampais kiinni Oon ihan hädässä, mut nyt mä otan kiinni Kaija Koo Tule lähemmäs beibi Huulet
14%
Kun viime yönä __________ nukahdit en unta saanut moneen, moneen tuntiin Matti & Teppo Pidä itsestäsi huolta Kainalooni
14%
Mä seuraan Kun sä tartut __________ (Oo oo oo) Ja sä lähdet mua kuljettaa Robin Hulahula Ranteisiin
14%
Tää on mun elämä, nää on mun ____________ Mä pysyn unessa ja tiiän mitä tartteen Maailma on täällä, täällä meitä varten Mikael Gabriel Älä herätä mua unesta Kultahampaat
13%
Epätoivo saapuu eteiseen Mä takerrun sun _________ Haloo helsinki Kaikki päättyy kyyneliin Kämmeneen
11%
Mun pitäis ____________ kovettaa Ja tajuta jo jumalauta lopettaa Benjamin&Bess Paremmin ku kukaan muu Selkärankani
11%
Lopulta mä painaudun rintaasi vasten Sun ______ kirjoitettu on mun _____ Jenni Vartiainen Villi vedet Käsiin, kädet
9%
Tyttö, joka itkee iltaisin Asiat jotka on jääny ________ kii Keskellä pimeet metsää yksin Mirella Tyttö joka itkee iltaisin Kurkkuun
9%
Kyllä yks toisen tunnistaa Mun ei tarvitse ku tuijottaa sun ______ Vilma Alina Pidän susta irti Niskaa
7%
En haluu enää rakastaa ______ verillä Anna mun olla sun kaa perillä Alisa Syrjä Perillä Polvet
7%
Mut sä kiihdytit kulman taa Mun ________ tunsin sun sydämen puolikkaan Vesterinen yhtyeineen Ilman Kaulalla
4%
Ehtoja vastaavia visoja ei löytynyt
Tulosjakauma
Jokaisen tuloksen saaneiden osuus
Persentiili vastausten määrän mukaan
Tuloshistoriasi
Et ole pelannut tätä visaa